[Event "21st ch-EUR Indiv 2021"]
[Site "Reykjavik ISL"]
[Date "2021.09.05"]
[Round "11.53"]
[White "Fruebing, Stefan"]
[Black "Ptacnikova, Lenka"]
[Result "1/2-1/2"]
[WhiteTitle "IM"]
[BlackTitle "WGM"]
[WhiteElo "2406"]
[BlackElo "2109"]
[WhiteFideId "4682165"]
[BlackFideId "305650"]
[EventDate "2021.08.26"]

1. e4 c5 2. Nf3 e6 3. d4 cxd4 4. Nxd4 a6 5. Nc3 Qc7 6. Be2 Nc6 7. O-O Nf6 8. Be3
Be7 9. f4 d6 10. Qe1 O-O 11. Kh1 Nxd4 12. Bxd4 b5 13. a3 Bb7 14. Qg3 g6 15. f5
e5 16. Be3 Rfe8 17. Bd3 Nh5 18. Qg4 Bf6 19. Rf3 Nf4 20. Bxf4 exf4 21. Qxf4 g5
22. Qg4 Kg7 23. Rh3 h6 24. Rf1 Rh8 25. Qh5 Rae8 26. Ne2 d5 27. exd5 Bxd5 28. c3
Qc6 29. Rg3 Kf8 30. Nd4 Qc5 31. Nc2 Re7 32. Qg4 a5 33. Qh5 Kg7 34. Rg4 Rhe8 35.
Rg3 Qb6 36. Rh3 Rh8 37. Rg3 Rhe8 38. Rh3 Rh8 39. Rg3 Rhe8 40. Rh3 Rh8 1/2-1/2

[Event "21st ch-EUR Indiv 2021"]
[Site "Reykjavik ISL"]
[Date "2021.09.05"]
[Round "11.54"]
[White "Birkisson, Bjorn Holm"]
[Black "Krastev, Alexander"]
[Result "0-1"]
[BlackTitle "FM"]
[WhiteElo "2064"]
[BlackElo "2389"]
[WhiteFideId "2310600"]
[BlackFideId "12989983"]
[EventDate "2021.08.26"]

1. d4 Nf6 2. Nf3 e6 3. c4 c5 4. d5 d6 5. Nc3 g6 6. e4 Bg7 7. Nd2 O-O 8. Be2 Na6
9. O-O Nc7 10. a4 b6 11. Ra3 Re8 12. f3 Rb8 13. Re1 a6 14. Rb3 Bd7 15. Nf1 exd5
16. exd5 b5 17. axb5 axb5 18. cxb5 Nfxd5 19. Nxd5 Nxd5 20. Qxd5 Bd4+ 21. Re3 Be6
22. Qc6 Rb6 23. Qe4 f5 24. Qf4 g5 0-1

[Event "21st ch-EUR Indiv 2021"]
[Site "Reykjavik ISL"]
[Date "2021.09.05"]
[Round "11.55"]
[White "Kanyamarala, Tarun"]
[Black "Halldorsson, Jon Arni"]
[Result "1-0"]
[WhiteTitle "FM"]
[WhiteElo "2369"]
[BlackElo "2115"]
[WhiteFideId "45004714"]
[BlackFideId "2301075"]
[EventDate "2021.08.26"]

1. e4 e6 2. d3 d5 3. Nd2 c5 4. Ngf3 Nc6 5. g3 Bd6 6. Bg2 Nge7 7. O-O O-O 8. Nh4
Bd7 9. f4 f6 10. c3 Rb8 11. a4 b5 12. axb5 Rxb5 13. Qe2 Ra5 14. Rxa5 Qxa5 15.
Bh3 Qc7 16. Ndf3 e5 17. Bxd7 Qxd7 18. exd5 Nxd5 19. Qe4 Nb6 20. f5 Rd8 21. Ng2
Bf8 22. Be3 Qd5 23. Nd2 c4 24. Qxd5+ Nxd5 25. Nxc4 Nxe3 26. Ngxe3 Rxd3 27. Kf2
Rd7 28. Ra1 Bc5 29. Ra6 Ne7 30. Kf3 Kf7 31. Ke4 Ke8 32. b4 Bxe3 33. Nxe3 Kd8 34.
g4 h6 35. h3 Nc8 36. Nc4 Rc7 37. Kd3 Rd7+ 38. Kc2 Kc7 39. Re6 Nb6 40. Ne3 Rd6
41. Re8 Rd8 42. Rxd8 Kxd8 43. c4 Kd7 44. Kd3 Kc6 45. Nf1 Na8 46. Ng3 Nc7 47. Nh5
Ne8 48. Ng3 Nd6 49. c5 Ne8 50. Kc4 Nc7 51. Nh5 Ne8 52. b5+ Kd7 53. Kb4 Kc7 54.
Ka5 Kb7 55. Ng3 Nc7 56. Ne4 Ne8 57. Nd2 Nc7 58. Ne4 Ne8 59. h4 Kc8 60. b6 axb6+
61. cxb6 Kb7 62. Kb5 1-0

[Event "21st ch-EUR Indiv 2021"]
[Site "Reykjavik ISL"]
[Date "2021.09.05"]
[Round "11.56"]
[White "Butenandt, Svenja"]
[Black "Heimisson, Hilmir Freyr"]
[Result "1-0"]
[BlackTitle "FM"]
[WhiteElo "2036"]
[BlackElo "2309"]
[WhiteFideId "12993859"]
[BlackFideId "2309998"]
[EventDate "2021.08.26"]

1. d4 f5 2. c4 Nf6 3. Nf3 d6 4. g3 g6 5. Bg2 Bg7 6. O-O O-O 7. Nc3 c6 8. d5 e5
9. dxe6 Bxe6 10. b3 Ne4 11. Nxe4 Bxa1 12. Nxd6 Bg7 13. Ng5 Qe7 14. Nxe6 Qxe6 15.
Nxb7 Nd7 16. Na5 Kh8 17. Nxc6 Rae8 18. Ba3 Rf6 19. e3 Nb8 20. Nxb8 Rxb8 21. Bb2
Rff8 22. Bxg7+ Kxg7 23. Qd4+ Qf6 24. Qxa7+ Qf7 25. Qd4+ Qf6 26. Bd5 Qxd4 27.
exd4 Rfe8 28. Bf3 g5 29. Ra1 g4 30. Bc6 Re2 31. d5 Kf6 32. d6 Rd2 33. d7 Rb6 34.
Ba4 Ke7 35. c5 Re6 36. Rc1 Kd8 37. c6 Kc7 38. b4 Re4 39. b5 Rb4 40. a3 Rbb2 41.
Re1 f4 42. gxf4 Rxf2 43. b6+ 1-0

[Event "21st ch-EUR Indiv 2021"]
[Site "Reykjavik ISL"]
[Date "2021.09.05"]
[Round "11.57"]
[White "Jacobsen, Mikkel Manosri"]
[Black "Karlsson, Mikael Johann"]
[Result "0-1"]
[WhiteTitle "FM"]
[WhiteElo "2309"]
[BlackElo "2067"]
[WhiteFideId "1444514"]
[BlackFideId "2305194"]
[EventDate "2021.08.26"]

1. d4 Nf6 2. Nf3 b6 3. g3 Bb7 4. Bg2 e6 5. c4 c5 6. d5 exd5 7. Nh4 g6 8. O-O Bg7
9. Nc3 O-O 10. cxd5 d6 11. h3 Na6 12. f4 Nc7 13. a4 a6 14. e4 b5 15. a5 Re8 16.
Re1 Nd7 17. e5 Nf8 18. Ne4 dxe5 19. d6 Nce6 20. f5 Bxe4 21. fxe6 Bxg2 22. e7 Qd7
23. Kxg2 Ne6 24. Qd5 Rac8 25. Rxe5 Rc6 26. Nf3 Rxd6 27. Qe4 Rd1 28. b3 Qd3 29.
Qxd3 Rxd3 30. Bb2 Rxb3 31. Ra2 Bxe5 32. Bxe5 f5 33. Bd6 Rd3 34. Be5 Rxe7 35. Rf2
Nd4 36. Bd6 Re2 37. Rxe2 Nxe2 38. Bxc5 Nc3 39. Bb6 b4 40. Nd4 Ne4 41. g4 b3 42.
Nxb3 Rxb3 43. gxf5 gxf5 0-1

[Event "21st ch-EUR Indiv 2021"]
[Site "Reykjavik ISL"]
[Date "2021.09.05"]
[Round "11.58"]
[White "Vedder, Richard"]
[Black "Gudmundsson, Gunnar Erik"]
[Result "1-0"]
[WhiteTitle "FM"]
[WhiteElo "2266"]
[BlackElo "1844"]
[WhiteFideId "1004166"]
[BlackFideId "2314339"]
[EventDate "2021.08.26"]

1. Nf3 Nf6 2. g3 d5 3. Bg2 c5 4. O-O Nc6 5. d4 e6 6. c4 Be7 7. cxd5 Nxd5 8. Nc3
cxd4 9. Nxd5 exd5 10. Nxd4 O-O 11. Be3 Be6 12. Rc1 Qd7 13. Nxc6 bxc6 14. Qa4
Rfc8 15. Bc5 Bf6 16. Bd4 Bxd4 17. Qxd4 Bh3 18. Bxh3 Qxh3 19. Rc3 Qe6 20. e3 Rc7
21. Rfc1 f6 22. b4 Rb8 23. Rc5 a6 24. a3 Rb5 25. a4 Rxc5 26. Rxc5 Rb7 27. f3 Qf5
28. Kg2 Qb1 29. Rxc6 Qxb4 30. Qxd5+ Kf8 31. Rxa6 Qb1 32. Ra8+ Ke7 33. Qd8+ Ke6
34. Qe8+ Kd6 35. Ra6+ Rb6 36. Qd8+ Kc6 37. Rxb6+ Qxb6 38. Qxb6+ Kxb6 39. f4 Ka5
40. Kf3 Kxa4 41. Ke4 Kb5 42. Kd5 f5 43. h3 1-0

[Event "21st ch-EUR Indiv 2021"]
[Site "Reykjavik ISL"]
[Date "2021.09.05"]
[Round "11.59"]
[White "Pozimski, Szymon"]
[Black "Papidakis, Georgios"]
[Result "0-1"]
[WhiteElo "2019"]
[BlackElo "2228"]
[WhiteFideId "1138855"]
[BlackFideId "4295099"]
[EventDate "2021.08.26"]

1. d4 Nf6 2. Nf3 e6 3. g3 b5 4. Bg2 Bb7 5. O-O c5 6. a4 b4 7. c4 Na6 8. b3 Be7
9. Bb2 O-O 10. Nbd2 cxd4 11. Bxd4 Bc5 12. e3 d6 13. Qe2 e5 14. Bb2 Qe7 15. Rfd1
Nd7 16. Ne1 e4 17. Nc2 f5 18. Rf1 Rae8 19. Rad1 Ne5 20. Ne1 Rf6 21. Nb1 Rh6 22.
Bxe5 Qxe5 23. Qd2 g5 24. Nd3 Qe6 25. Nxc5 Nxc5 26. Qxb4 f4 27. exf4 gxf4 28.
Rfe1 Qg6 29. Nc3 f3 30. Bf1 e3 31. Rxe3 Rxe3 32. fxe3 f2+ 33. Kxf2 Rxh2+ 34. Bg2
Rxg2+ 0-1

[Event "21st ch-EUR Indiv 2021"]
[Site "Reykjavik ISL"]
[Date "2021.09.05"]
[Round "11.60"]
[White "Moller, Agnar T"]
[Black "Gueci, Tea"]
[Result "0-1"]
[BlackTitle "WIM"]
[WhiteElo "1932"]
[BlackElo "2188"]
[WhiteFideId "2303469"]
[BlackFideId "872342"]
[EventDate "2021.08.26"]

1. Nf3 d5 2. c4 e6 3. g3 d4 4. e3 c5 5. exd4 cxd4 6. d3 Nc6 7. Bg2 Nf6 8. O-O
Bd6 9. Na3 O-O 10. Nc2 e5 11. b4 a6 12. Re1 Re8 13. c5 Bf8 14. Nd2 Nd5 15. Nc4
Ndxb4 16. Nxb4 Nxb4 17. Nb6 Rb8 18. Nxc8 Qxc8 19. a3 Nc6 20. Qc2 Qc7 21. f4 f6
22. fxe5 Nxe5 23. Bb2 Qxc5 24. Qb3+ Kh8 25. Be4 b5 26. Rac1 Qd6 27. Qc2 b4 28.
a4 f5 29. Bg2 b3 0-1

[Event "21st ch-EUR Indiv 2021"]
[Site "Reykjavik ISL"]
[Date "2021.09.05"]
[Round "11.61"]
[White "Bergsson, Stefan"]
[Black "Domalchuk-Jonasson, Aleksandr"]
[Result "1/2-1/2"]
[WhiteElo "2158"]
[BlackElo "2052"]
[WhiteFideId "2301393"]
[BlackFideId "14142805"]
[EventDate "2021.08.26"]

1. e4 c5 2. Nf3 d6 3. d4 cxd4 4. Nxd4 Nf6 5. Nc3 Nc6 6. Bg5 Bd7 7. Be2 Qa5 8.
Bxf6 gxf6 9. O-O Rg8 10. Kh1 Rc8 11. f4 Nxd4 12. Qxd4 Qc5 13. Rad1 Qxd4 14. Rxd4
Bg7 15. f5 Bh6 16. Rf3 Rg7 17. Rc4 Rxc4 18. Bxc4 Bc1 19. b3 Bb2 20. h3 Bc6 21.
Bb5 Bxc3 22. Bxc6+ bxc6 23. Rxc3 Kd7 24. Rd3 e6 25. c4 Rg5 26. g4 h5 27. Rg3
hxg4 28. hxg4 d5 29. exd5 cxd5 30. cxd5 exf5 31. Rf3 Kd6 32. gxf5 Kxd5 33. Re3
Rxf5 34. Re7 a5 35. Rxf7 Rf2 36. a4 Kc6 37. Kg1 Rf3 38. Kg2 Rxb3 39. Rxf6+ Kc5
40. Kf2 Kb4 41. Rf4+ Ka3 42. Ke2 Rb4 43. Rxb4 Kxb4 44. Kd2 Kxa4 45. Kc2 Ka3 46.
Kb1 Kb3 47. Ka1 a4 48. Kb1 a3 49. Ka1 a2 1/2-1/2

[Event "21st ch-EUR Indiv 2021"]
[Site "Reykjavik ISL"]
[Date "2021.09.05"]
[Round "11.62"]
[White "Johannsson, Birkir Isak"]
[Black "Milikow, Yoav"]
[Result "0-1"]
[BlackTitle "FM"]
[WhiteElo "2052"]
[BlackElo "2287"]
[WhiteFideId "2314673"]
[BlackFideId "2822237"]
[EventDate "2021.08.26"]

1. Nf3 Nf6 2. c4 c5 3. Nc3 d5 4. cxd5 Nxd5 5. e4 Nb4 6. Bb5+ N8c6 7. d4 cxd4 8.
a3 dxc3 9. Qxd8+ Kxd8 10. axb4 g6 11. bxc3 Bg7 12. Ra3 Bd7 13. O-O Ke8 14. Be3
a6 15. Be2 Rc8 16. b5 axb5 17. Bxb5 f6 18. Rb1 Bf8 19. Nd2 e5 20. Raa1 Nd8 21.
c4 h5 22. Kf1 Rh7 23. Ke2 Bc5 24. Bxc5 Rxc5 25. Bxd7+ Rxd7 26. Ra7 Ke7 27. f3
Rcc7 28. Nf1 Rxc4 29. Ne3 Rc6 30. Nd5+ Kf7 31. Rb2 Rdd6 32. Ra8 Rc1 33. Rb8 Rd7
34. Kf2 Rc6 35. h4 Kg7 36. g3 f5 37. Ke3 Rc1 38. Kf2 fxe4 39. fxe4 Rh1 40. Kg2
Re1 41. Rb4 Re2+ 42. Kf3 Ra2 43. Ke3 Ra3+ 44. Kf2 Rf7+ 45. Kg2 Nc6 0-1

[Event "21st ch-EUR Indiv 2021"]
[Site "Reykjavik ISL"]
[Date "2021.09.05"]
[Round "11.63"]
[White "Koellner, Aaron Noah"]
[Black "Petursson, Gudni"]
[Result "1-0"]
[WhiteElo "2248"]
[BlackElo "1988"]
[WhiteFideId "12993085"]
[BlackFideId "2301725"]
[EventDate "2021.08.26"]

1. d4 Nf6 2. Bg5 d5 3. e3 e6 4. Nd2 c5 5. c3 Nc6 6. f4 Be7 7. Bd3 cxd4 8. exd4
Qb6 9. Rb1 h6 10. Bh4 Bd7 11. Ngf3 O-O 12. O-O Ng4 13. Bxe7 Nxe7 14. Qe2 f5 15.
Ne5 Nxe5 16. Qxe5 Rac8 17. Rf3 Qc7 18. Qe3 Rf6 19. Rg3 Rg6 20. h4 Rxg3 21. Qxg3
Rf8 22. Nf3 Nc8 23. Ne5 Nd6 24. Qh3 Be8 25. g4 fxg4 26. Qxg4 Nf5 27. Kh2 Qe7 28.
Kh3 Qf6 29. Bxf5 Qxf5 30. Qxf5 Rxf5 31. Kg3 Kf8 32. Re1 Ke7 33. Nd3 Kd6 34. Nc5
Bd7 35. Nxb7+ Ke7 36. Re5 Rf8 37. b4 Rc8 38. Nc5 Kd6 39. a4 Rf8 40. h5 Rf7 41.
Kg4 Bc8 42. b5 Rf6 43. a5 Rf8 44. b6 axb6 45. axb6 Kc6 46. b7 Bxb7 47. Rxe6+ 1-0

[Event "21st ch-EUR Indiv 2021"]
[Site "Reykjavik ISL"]
[Date "2021.09.05"]
[Round "11.64"]
[White "Milikow, Elie"]
[Black "Ragnarsson, Johann"]
[Result "1-0"]
[WhiteTitle "CM"]
[WhiteElo "2242"]
[BlackElo "1916"]
[WhiteFideId "371281868"]
[BlackFideId "2301040"]
[EventDate "2021.08.26"]

1. e4 c6 2. d4 d5 3. e5 Bf5 4. h4 h5 5. Bd3 Bxd3 6. Qxd3 e6 7. Bg5 Qa5+ 8. Nd2
Qa6 9. c4 Bb4 10. b3 c5 11. Ne2 Nc6 12. O-O cxd4 13. Nxd4 Bxd2 14. Qxd2 dxc4 15.
Rfd1 Nge7 16. Nxc6 Nxc6 17. Qd6 Qa5 18. Qd7+ Kf8 19. Qxb7 1-0

[Event "21st ch-EUR Indiv 2021"]
[Site "Reykjavik ISL"]
[Date "2021.09.05"]
[Round "11.65"]
[White "Kueng, Nicolas"]
[Black "Gombocz, Ferenc Jr."]
[Result "1-0"]
[BlackTitle "FM"]
[WhiteElo "2005"]
[BlackElo "2191"]
[WhiteFideId "1336126"]
[BlackFideId "775029"]
[EventDate "2021.08.26"]

1. d4 d5 2. c4 c6 3. Nf3 Nf6 4. Nc3 a6 5. Qc2 dxc4 6. e4 b5 7. b3 cxb3 8. axb3
e6 9. Bd3 h6 10. O-O Be7 11. Rd1 Bb7 12. Qe2 Nbd7 13. Bb2 Qb6 14. e5 Nd5 15. Qe4
c5 16. Qg4 g5 17. Ne4 Nf4 18. Nd6+ Bxd6 19. exd6 c4 20. d5 cxd3 21. dxe6 fxe6
22. Bxh8 Kf7 23. Be5 Ng6 24. Bg3 Nf6 25. Qd4 Qxd4 26. Nxd4 h5 27. h3 h4 28. Bh2
e5 29. Nf5 Ke6 30. Ne3 e4 31. f3 Nf4 32. fxe4 Ne2+ 33. Kf1 Bxe4 34. Re1 Nd5 35.
Nxd5 Kxd5 36. Kf2 Rf8+ 37. Ke3 Nd4 38. Rxa6 Nc2+ 39. Kd2 Nb4 40. Ra5 Rf2+ 41.
Ke3 d2 42. Rd1 Bc2 43. Rxd2+ Rxd2 44. Kxd2 Ke6 45. Rxb5 Nc6 46. Rxg5 Bxb3 47.
Ke3 Nd8 48. Re5+ Kd7 49. Rh5 Nf7 50. Rxh4 Bd5 51. Rh7 Ke6 52. g4 Bc6 53. h4 Kf6
54. Rh5 Bd7 55. Kf3 Kg6 56. Bf4 Kf6 57. Ra5 Kg6 58. Kg3 Kf6 59. h5 Ke6 60. Ra4 1-0

[Event "21st ch-EUR Indiv 2021"]
[Site "Reykjavik ISL"]
[Date "2021.09.05"]
[Round "11.66"]
[White "Acevedo Mendez, Lisseth"]
[Black "Birkisson, Bardur Orn"]
[Result "0-1"]
[WhiteTitle "WIM"]
[BlackTitle "CM"]
[WhiteElo "1825"]
[BlackElo "2163"]
[WhiteFideId "6502938"]
[BlackFideId "2310597"]
[EventDate "2021.08.26"]

1. e4 e5 2. Nf3 Nc6 3. Nc3 Nf6 4. Bb5 Bd6 5. O-O O-O 6. Re1 a6 7. Bf1 Re8 8. d3
h6 9. h3 Bc5 10. Be3 Bxe3 11. Rxe3 d5 12. exd5 Nxd5 13. Nxd5 Qxd5 14. g3 Bf5 15.
Bg2 Qd7 16. Kh2 Rad8 17. Qe1 Nd4 18. Qc3 f6 19. Rae1 c5 20. Ng1 Kh8 21. Ne2 b6
22. g4 Bg6 23. Ng3 Ne6 24. Be4 Bxe4 25. dxe4 Nf4 26. Ne2 Qd2 27. Kg3 g5 28. Ng1
h5 29. gxh5 Nxh5+ 30. Kg2 Nf4+ 31. Kf1 Kg7 32. Nf3 Qxc3 33. Rxc3 Nxh3 34. Nxe5
Nxf2 35. Nc4 Nxe4 36. Rce3 Nd2+ 37. Nxd2 Rxe3 38. Rxe3 Rxd2 39. Rb3 b5 0-1

[Event "21st ch-EUR Indiv 2021"]
[Site "Reykjavik ISL"]
[Date "2021.09.05"]
[Round "11.67"]
[White "Saraci, Korab"]
[Black "Heidarsson, Arnar Milutin"]
[Result "1-0"]
[WhiteElo "2154"]
[BlackElo "1916"]
[WhiteFideId "4701968"]
[BlackFideId "2312875"]
[EventDate "2021.08.26"]

1. e4 c5 2. c3 Nf6 3. e5 Nd5 4. d4 cxd4 5. Nf3 Nc6 6. cxd4 d6 7. Bc4 e6 8. O-O
Be7 9. Qe2 O-O 10. Qe4 dxe5 11. dxe5 f5 12. exf6 Bxf6 13. Nc3 Nxc3 14. bxc3 Kh8
15. Be3 Qa5 16. Rab1 Qf5 17. Qxf5 exf5 18. Ng5 h6 19. Ne6 Bxe6 20. Bxe6 Bxc3 21.
Rxb7 Nd4 22. Bc4 f4 23. Bc1 a5 24. h3 f3 25. Be3 Ne2+ 26. Kh2 fxg2 27. Kxg2 Nf4+
28. Kf3 Nd5+ 29. Ke2 Rad8 30. Bxd5 Rxd5 31. Rc1 Bf6 32. Rc5 Rxc5 33. Bxc5 Re8+
34. Kd3 Rd8+ 35. Kc4 Rd2 36. a4 Ra2 37. Kb5 Bc3 38. Rf7 Rb2+ 39. Kc4 Bf6 40. Ra7
Rc2+ 41. Kb5 Bc3 42. Bb6 Be1 43. Rf7 Rb2+ 44. Kc6 Kg8 45. Rxg7+ Kxg7 46. Bd4+
Kf7 47. Bxb2 Bxf2 48. Bc3 Kg6 49. Bxa5 Kh5 50. Bd8 Be1 51. Kb5 Kg6 52. a5 1-0

[Event "21st ch-EUR Indiv 2021"]
[Site "Reykjavik ISL"]
[Date "2021.09.05"]
[Round "11.68"]
[White "Maggason, Oskar"]
[Black "Stremavicius, Pijus"]
[Result "0-1"]
[WhiteElo "1783"]
[BlackElo "2146"]
[WhiteFideId "2303779"]
[BlackFideId "12812730"]
[EventDate "2021.08.26"]

1. d4 d6 2. c4 e5 3. d5 f5 4. Nc3 Nf6 5. Nf3 g6 6. Bg5 Bg7 7. e4 h6 8. Bxf6 Qxf6
9. Bd3 O-O 10. h3 a5 11. a3 Na6 12. b4 Bd7 13. Rb1 axb4 14. axb4 f4 15. c5 dxc5
16. Bxa6 Qxa6 17. bxc5 Qc4 18. Qd2 Ra3 19. Rc1 Rfa8 20. Ng1 Rxc3 21. Qxc3 Qxe4+
22. Ne2 Qxg2 23. Rg1 Qxd5 24. Rxg6 Ra2 25. Qc4 Qxc4 26. Rxc4 Bb5 27. Re4 Bd3 28.
Nc3 Rc2 29. c6 0-1

[Event "21st ch-EUR Indiv 2021"]
[Site "Reykjavik ISL"]
[Date "2021.09.05"]
[Round "11.69"]
[White "Van Hoolandt, Patrick"]
[Black "Jonsson, Kristjan Dagur"]
[Result "1-0"]
[WhiteTitle "FM"]
[WhiteElo "2010"]
[BlackElo "1706"]
[WhiteFideId "200999"]
[BlackFideId "2313413"]
[EventDate "2021.08.26"]

1. d4 Nf6 2. c4 e6 3. Nf3 d5 4. Nc3 Be7 5. Qc2 O-O 6. cxd5 exd5 7. Bg5 c6 8. e3
Nbd7 9. Bd3 Re8 10. O-O h6 11. Bf4 Nf8 12. h3 Ne6 13. Bh2 Ng5 14. Ne5 Bd6 15.
Rae1 Qc7 16. Kh1 Be6 17. f3 Nd7 18. f4 Ne4 19. f5 Nxe5 20. dxe5 Bxe5 21. Bxe5
Qxe5 22. Bxe4 dxe4 23. fxe6 Rxe6 24. Rf4 f5 25. g4 g5 26. gxf5 gxf4 27. fxe6 Qh5
28. Qg2+ Kh8 29. Rg1 Qf3 30. exf4 Rf8 31. Nxe4 Qxg2+ 32. Kxg2 Rxf4 33. Nd6 1-0

[Event "21st ch-EUR Indiv 2021"]
[Site "Reykjavik ISL"]
[Date "2021.09.05"]
[Round "11.70"]
[White "Hjaltason, Elvar Orn"]
[Black "Jonsson, Gauti Pall"]
[Result "0-1"]
[WhiteElo "1702"]
[BlackElo "2070"]
[WhiteFideId "2315084"]
[BlackFideId "2309092"]
[EventDate "2021.08.26"]

1. e4 e5 2. Nf3 Nc6 3. Bb5 Nge7 4. O-O g6 5. c3 Bg7 6. d4 exd4 7. Bxc6 dxc6 8.
Nxd4 O-O 9. Be3 b6 10. f4 Ba6 11. Re1 c5 12. Nf3 Qc8 13. Qc2 Rd8 14. Rd1 Qb7 15.
Na3 Qc6 16. Rxd8+ Rxd8 17. e5 Nf5 18. Qf2 Qa4 19. Nc2 Nxe3 20. Nxe3 Qxf4 21. g3
Qa4 22. Ng5 Qe8 23. Ng4 Bc8 24. Nf6+ Bxf6 25. Qxf6 Be6 26. Rf1 Rd7 27. Nxh7 Qd8
28. Qxd8+ Rxd8 29. Nf6+ Kf8 30. a3 Bh3 31. Re1 Rd2 32. b4 Rg2+ 33. Kh1 cxb4 34.
axb4 Rc2 35. Rd1 Kg7 36. Ne8+ Kh6 37. Nxc7 Rxc3 38. Nd5 Rc2 39. Nf4 Bg4 40. Rd4
Bf3+ 41. Kg1 g5 42. Rd6+ Kg7 43. Nh3 g4 44. Nf4 Rb2 45. Rd7 Kf8 46. Rxa7 Rxb4
47. e6 fxe6 48. Nxe6+ Ke8 49. Ng5 Bd5 50. h4 gxh3 51. Nxh3 Rb3 52. Nf4 Rxg3+ 53.
Kh2 Rg5 54. Nxd5 Rxd5 55. Kg3 Kd8 56. Kf4 Rd7 57. Ra4 Kc7 58. Ke3 Kc6 59. Ra3
Kc5 60. Rc3+ Kb4 61. Rc1 b5 62. Ke2 Ka3 63. Rc8 b4 64. Ra8+ Kb2 65. Rb8 b3 66.
Rc8 Kb1 67. Ra8 b2 68. Rc8 Ra7 69. Kd2 Ka1 70. Kd1 0-1

[Event "21st ch-EUR Indiv 2021"]
[Site "Reykjavik ISL"]
[Date "2021.09.05"]
[Round "11.71"]
[White "Haraldsson, Haraldur"]
[Black "Thorisson, Benedikt"]
[Result "1/2-1/2"]
[WhiteElo "1918"]
[BlackElo "1624"]
[WhiteFideId "2311100"]
[BlackFideId "2314576"]
[EventDate "2021.08.26"]

1. d4 Nf6 2. c4 g6 3. g3 Bg7 4. Bg2 d5 5. Nf3 O-O 6. cxd5 Nxd5 7. O-O Nc6 8. Nc3
Bg4 9. h3 Bxf3 10. Bxf3 e6 11. e3 Qd7 12. Bd2 Rad8 13. Rc1 Ndb4 14. a3 Nd5 15.
Bg2 Nxc3 16. Bxc3 Rfe8 17. Qb3 b6 18. Rfd1 Ne7 19. Rd2 Nd5 20. Rdc2 Nxc3 21.
Qxc3 c5 22. Qe1 Qd6 23. dxc5 bxc5 24. Qa5 Qb6 25. Rxc5 Qxb2 26. Qxa7 Rd2 27. Rc8
Rf8 28. Qa8 Qxc1+ 29. Rxc1 Rxa8 30. Bxa8 Ra2 1/2-1/2

[Event "21st ch-EUR Indiv 2021"]
[Site "Reykjavik ISL"]
[Date "2021.09.05"]
[Round "11.72"]
[White "Briem, Benedikt"]
[Black "Sveinbjornsson, Gudmundur Orri"]
[Result "1-0"]
[WhiteElo "1858"]
[BlackElo "1037"]
[WhiteFideId "2315432"]
[BlackFideId "2318369"]
[EventDate "2021.08.26"]

1. d4 Nf6 2. c4 g6 3. Nc3 d5 4. Nf3 Bg7 5. Qb3 dxc4 6. Qxc4 O-O 7. e4 c6 8. Be2
Bg4 9. Be3 Re8 10. Rd1 e6 11. O-O Nbd7 12. Rfe1 Rc8 13. h3 Bxf3 14. Bxf3 b6 15.
Qa4 Qc7 16. Rc1 Qb7 17. Red1 Red8 18. Be2 b5 19. Qb3 Nb6 20. f3 a6 21. a4 h6 22.
Bf2 Nbd7 23. e5 Nd5 24. Nxd5 exd5 25. f4 f5 26. a5 Nf8 27. Bf3 Ne6 28. g3 Qc7
29. Qa2 Kh7 30. Bg2 Bf8 31. Rd2 Qd7 32. Qb3 Rc7 33. Rdc2 Rdc8 34. Be3 Qe7 35.
Qd3 Qb4 36. g4 Ng7 37. Bxd5 Qxa5 38. Bxc6 Qa4 39. d5 Qa2 40. d6 Rf7 41. Bd5 1-0

[Event "21st ch-EUR Indiv 2021"]
[Site "Reykjavik ISL"]
[Date "2021.09.05"]
[Round "11.73"]
[White "Agustsson, Hafsteinn"]
[Black "Heidarsson, Mikael Bjarki"]
[Result "0-1"]
[WhiteElo "1803"]
[BlackElo "1473"]
[WhiteFideId "2302047"]
[BlackFideId "2317532"]
[EventDate "2021.08.26"]

1. e4 c6 2. d4 d5 3. exd5 cxd5 4. Bd3 Nf6 5. h3 Qc7 6. Ne2 e6 7. Nbc3 a6 8. Bg5
Be7 9. O-O h6 10. Bh4 Nc6 11. Re1 Bd7 12. Qd2 Bd6 13. Nd1 Nb4 14. Ne3 Nxd3 15.
Qxd3 Bb5 16. Qc3 Bxe2 17. Qxc7 Bxc7 18. Bxf6 gxf6 19. Rxe2 O-O 20. Rf1 f5 21. c3
h5 22. Nc2 Rae8 23. Rfe1 Re7 24. Nb4 Rd7 25. Nd3 Bd6 26. b3 Rc8 27. Rc2 Rdc7 28.
Nc5 Bxc5 29. dxc5 Rxc5 30. Re5 Rxc3 31. Rxc3 Rxc3 32. g4 fxg4 33. hxg4 hxg4 34.
Rg5+ Kf8 35. Rxg4 Rc2 36. a4 Rc3 37. Rb4 Rc7 38. Kf1 Ke7 39. Rb6 Kd7 40. Ke2 Kc8
41. Kd3 Rc6 42. Rb4 Kc7 43. Rf4 f5 44. Rh4 Kd6 45. Rb4 b6 46. Rh4 b5 47. Rb4
bxa4 48. Rxa4 Rb6 49. Kc3 e5 50. Rh4 Kc5 51. b4+ Kb5 52. Rh5 d4+ 53. Kb3 Rf6 54.
Rh8 d3 55. Rd8 e4 56. f3 Re6 57. fxe4 fxe4 58. Rb8+ Kc6 59. Rc8+ Kb7 60. Rc1 e3
61. Kc3 Rc6+ 0-1

[Event "21st ch-EUR Indiv 2021"]
[Site "Reykjavik ISL"]
[Date "2021.09.05"]
[Round "11.74"]
[White "Hreinsson, Johann Helgi"]
[Black "Jonsson, Olafur Gisli"]
[Result "0-1"]
[WhiteElo "1195"]
[BlackElo "1800"]
[WhiteFideId "2317540"]
[BlackFideId "2302705"]
[EventDate "2021.08.26"]

1. d4 d5 2. c4 c6 3. cxd5 cxd5 4. Nc3 Nf6 5. Nf3 g6 6. Bf4 a6 7. a4 Bg7 8. h3
O-O 9. e3 Bf5 10. Bd3 Bxd3 11. Qxd3 Nc6 12. O-O Rc8 13. Rac1 Qb6 14. Qd2 Na5 15.
Qc2 e6 16. Ne5 Nc4 17. b3 Na5 18. Qb2 Qxb3 19. Qxb3 Nxb3 20. Rc2 Ne4 21. Rb1 Na5
22. Rbc1 Bxe5 23. Bxe5 Nxc3 24. Rxc3 Nc4 25. Bf6 Rc6 26. Rb3 b6 27. g4 Rfc8 28.
Kg2 Nxe3+ 29. fxe3 Rxc1 30. Rxb6 R1c6 31. Rb4 Rc4 32. Rb6 Rxa4 33. Kf3 Ra8 34.
Kf4 Rc4 35. h4 a5 36. Ke5 Rc7 37. Kd6 Rca7 38. h5 gxh5 39. gxh5 Ra6 40. Rxa6
Rxa6+ 0-1

[Event "21st ch-EUR Indiv 2021"]
[Site "Reykjavik ISL"]
[Date "2021.09.05"]
[Round "11.75"]
[White "Gade, Jens"]
[Black "Tummasarson, Flovin M."]
[Result "0-1"]
[WhiteElo "1487"]
[BlackElo "1764"]
[WhiteFideId "1416111"]
[BlackFideId "7202431"]
[EventDate "2021.08.26"]

1. d4 Nf6 2. c4 g6 3. Nc3 d5 4. e3 Bg7 5. Nf3 O-O 6. Be2 dxc4 7. Bxc4 c5 8. dxc5
Qc7 9. O-O Qxc5 10. Be2 Nc6 11. Qb3 Rd8 12. Bc4 Na5 13. Qb5 Qxc4 14. Qxa5 Bf5
15. b3 b6 16. bxc4 bxa5 17. Nd2 Nd7 18. e4 Bxc3 19. exf5 Bxa1 20. fxg6 hxg6 21.
Nb3 Bc3 22. Bg5 f6 23. Be3 a4 24. Nc1 Ne5 25. Ne2 Bb4 0-1